000 01631nam a22004217a 4500
001 000095239
003 CHAP
005 20220329143101.0
008 060216d2005 mx a d r 00110 spa d
010 _a91705
011 _a92677
035 _a103242
040 _cCHAP
090 _aTesis
100 1 _aRaygoza Martínez, Ana Patricia.
_994826
245 1 0 _aPropiedades físicas de frutos de limón mexicano (Citrus aurantifolia Swingle) y frutos de limón persa (Citrus latifolia L.) /
_c/por Ana Patricia Raygoza Martínez.
260 _aChapingo, Méx. :
_bEl autor,
_c2005.
300 _a92 h. :
_bilus. ; gráfs. ; tablas.
502 _aTesis (Ing. Mecánico Agrícola) -- UACH. Departamento de Ingeniería Mecánica Agrícola
590 _aALEPH
_b10
_c20130110
_lUCH01
_h1509
590 _aBATCH-UPD
_b10
_c20130110
_lUCH01
_h0757
590 _aBATCH-UPD
_b10
_c20130410
_lUCH01
_h0436
590 _aBATCH-UPD
_b10
_c20130914
_lUCH01
_h0943
590 _aBATCH-UPD
_b10
_c20140324
_lUCH01
_h1453
590 _aBATCH-UPD
_b10
_c20141002
_lUCH01
_h0828
590 _aCONVERSION
_b10
_c20130109
_lUCH01
_h1351
590 _aE792CSJ
_b10
_c20130611
_lUCH01
_h1029
650 1 4 _aCítricos
_xFisiología y morfología.
_924431
650 1 4 _aCitrus aurantifolia.
_923500
650 1 4 _aLimón persa.
_966865
856 _3Finding aid
_uhttp://10.13.5.2/tesis/103242.pdf
_zTeclea aquí
901 _aBK
905 _aMarco A. Mendoza T.
942 _cCD
942 _n0
949 _aTesis
_bBC
_cTES
_d00000001032421
_eTS1
_gDonaciØn
_h44669
_i103242
_sb
949 _aTesis
_bBC
_cTES
_d33724000980330
_eTS2
_fc.2
_gDonaciØn
_h44670
_i103242
_si
999 _c91705
_d91705